[Event "World Amateur-ch U2300"]
[Site "Muscat"]
[Date "2023.11.08"]
[Round "7"]
[White "Attalib, Osama A"]
[Black "Lednicky, Martin"]
[Result "1-0"]
[WhiteElo "1937"]
[BlackElo "2103"]
[PlyCount "98"]
[EventDate "2023.11.02"]
[EventType "swiss"]
[EventRounds "9"]
[EventCountry "OMN"]
[SourceTitle "CB46_2023"]
[SourceDate "2023.11.15"]
[SourceVersion "1"]
[SourceVersionDate "2023.11.15"]
[SourceQuality "1"]

1. d4 d5 2. Bf4 Nf6 3. e3 e6 4. Nd2 Be7 5. Bd3 b6 6. Qe2 0-0 7. Ngf3 Nbd7 8. Ne5 Bb7 9. Qf3 c5 10. c3 Qc8 11. Qh3 Rd8 12. Ndf3 Nxe5 13. Nxe5 Ba6 14. Bc2 Qb7 15. g4 cxd4 16. exd4 g6 17. Qe3 Ne8 18. h4 f6 19. Nxg6 hxg6 20. Qxe6+ Kg7 21. Bh6+ Kh8 22. Bxg6 Bd6 23. 0-0-0 Qd7 24. Rde1 Bc8 25. Qe3 Ng7 26. f3 Bf8 27. h5 Ba6 28. Bf4 Ne8 29. g5 Nd6 30. h6 Nc4 31. Qe6 Qxe6 32. Rxe6 Bd6 33. Rxf6 Rf8 34. Bf7 Be7 35. Bxd5 Bxf6 36. Bxa8 Be7 37. Re1 Bxg5 38. Bxg5 Rxa8 39. Re7 Rf8 40. b3 Nd6 41. Rxa7 Bb7 42. Be7 Ra8 43. Rxa8+ Bxa8 44. Bxd6 Bxf3 45. a4 Kh7 46. Bf4 Kg6 47. Kb2 Kf7 48. Ka3 Be2 49. c4 Bd3 1-0

[Event "World Amateur-ch U2300"]
[Site "Muscat"]
[Date "2023.11.07"]
[Round "6"]
[White "Attalib, Osama A"]
[Black "Al Aqrabi, Saleh"]
[Result "0-1"]
[WhiteElo "1937"]
[BlackElo "2164"]
[PlyCount "125"]
[EventDate "2023.11.02"]
[EventType "swiss"]
[EventRounds "9"]
[EventCountry "OMN"]
[SourceTitle "CB46_2023"]
[SourceDate "2023.11.15"]
[SourceVersion "1"]
[SourceVersionDate "2023.11.15"]
[SourceQuality "1"]

1. e4 e5 2. Nf3 d6 3. d4 Nd7 4. Bc4 c6 5. a4 Be7 6. Nc3 h6 7. 0-0 Ngf6 8. h3 Qc7 9. Be3 Nf8 10. a5 Ng6 11. Qd2 Bd7 12. Rfe1 0-0 13. dxe5 dxe5 14. Bxh6 Bb4 15. Bg5 Nh5 16. Red1 Bc8 17. Bd8 Qb8 18. Bg5 Qc7 19. Bd8 Qb8 20. Bg5 Nhf4 21. Bxf4 Nxf4 22. Qe3 Qc7 23. Ne2 Be6 24. Bxe6 Nxe6 25. Ng5 Rfe8 26. Ng3 g6 27. Nxe6 Rxe6 28. Rd3 Rd6 29. a6 b6 30. Rad1 Rad8 31. Rxd6 Rxd6 32. Rxd6 Qxd6 33. Qd3 Qxd3 34. cxd3 Kf8 35. Kf1 Ke7 36. Ne2 Bc5 37. f4 Ke6 38. g3 b5 39. Ke1 Be3 40. Kd1 f5 41. Kc2 Kf6 42. d4 exd4 43. e5+ Ke6 44. b4 Kd5 45. Kd3 Bf2 46. g4 fxg4 47. hxg4 Be1 48. Nxd4 Bxb4 49. e6 Be7 50. f5 gxf5 51. gxf5 Bf6 52. Nc2 c5 53. Na3 c4+ 54. Kc2 Kc5 55. Nb1 b4 56. Nd2 b3+ 57. Kb1 Kd4 58. Nf3+ Ke4 59. Nd2+ Kd3 60. e7 Bxe7 61. Nf3 Bf6 62. Nd2 Bg7 63. Nf3 0-1

[Event "World Amateur-ch U2300"]
[Site "Muscat"]
[Date "2023.11.05"]
[Round "4"]
[White "Attalib, Osama A"]
[Black "Bauyrzhan, Arnash"]
[Result "1/2-1/2"]
[WhiteElo "1937"]
[BlackElo "1993"]
[PlyCount "102"]
[EventDate "2023.11.02"]
[EventType "swiss"]
[EventRounds "9"]
[EventCountry "OMN"]
[SourceTitle "CB46_2023"]
[SourceDate "2023.11.15"]
[SourceVersion "1"]
[SourceVersionDate "2023.11.15"]
[SourceQuality "1"]

1. e4 c5 2. Nf3 e6 3. d3 d5 4. Nbd2 Nc6 5. g3 Nf6 6. Bg2 Be7 7. 0-0 dxe4 8. dxe4 e5 9. c3 Qc7 10. Qc2 0-0 11. Nc4 Be6 12. Ne3 h6 13. Nh4 Rfd8 14. Nhf5 Bf8 15. Qe2 Rd7 16. Qf3 Qd8 17. b3 Rd3 18. Qe2 Rd7 19. h3 g6 20. Nh4 a6 21. Rd1 Rxd1+ 22. Nxd1 Qd7 23. Kh2 Rd8 24. Nb2 b5 25. Be3 g5 26. Qf3 Ng4+ 27. hxg4 Bxg4 28. Bh3 Bxh3 29. Rd1 Qg4 30. Rxd8 Nxd8 31. Qxg4 Bxg4 32. Ng2 f6 33. Ne1 Be6 34. Ned3 Nb7 35. f3 Kf7 36. g4 Kg6 37. Kg3 h5 38. gxh5+ Kxh5 39. Nf2 Bd6 40. Kg2 Nd8 41. Nfd3 Nb7 42. Nf2 Bd7 43. Bd2 Kg6 44. Kg3 Nd8 45. Nbd1 f5 46. exf5+ Bxf5 47. Ne4 Bxe4 48. fxe4 Ne6 49. Ne3 Nf4 50. Nf5 Bf8 51. Kg4 Ne6 1/2-1/2

[Event "Arab-ch"]
[Site "Khartoum"]
[Date "2023.03.03"]
[Round "7"]
[White "Attalib, Osama A"]
[Black "George Samir, David"]
[Result "1/2-1/2"]
[WhiteElo "1995"]
[BlackElo "2000"]
[PlyCount "66"]
[EventDate "2023.02.26"]
[EventType "swiss"]
[EventRounds "9"]
[EventCountry "SUD"]
[SourceTitle "CBM 213 Extra"]
[Source "ChessBase"]
[SourceDate "2023.05.31"]
[SourceVersion "1"]
[SourceVersionDate "2023.05.31"]
[SourceQuality "1"]

1. e4 c5 2. d4 cxd4 3. c3 dxc3 4. Nxc3 Nc6 5. Bc4 d6 6. Nf3 a6 7. 0-0 Nf6 8. e5 dxe5 9. Qxd8+ Nxd8 10. Nxe5 e6 11. Bg5 b5 12. Nxb5 axb5 13. Bxb5+ Ke7 14. Rfd1 h6 15. Rxd8 Kxd8 16. Bxf6+ Kc7 17. Bd8+ Kxd8 18. Nxf7+ Ke7 19. Nxh8 Kf6 20. Bd3 g5 21. Ng6 Bc5 22. h4 Bd4 23. hxg5+ hxg5 24. Nf8 Kg7 25. Nh7 Kh6 26. Be4 Bxb2 27. Bxa8 Bxa1 28. Be4 Bg7 29. a4 Bc3 30. g3 Be5 31. Kg2 Bc3 32. f4 gxf4 33. gxf4 Bd7 1/2-1/2

[Event "Arab-ch"]
[Site "Khartoum"]
[Date "2023.03.02"]
[Round "6"]
[White "Attalib, Osama A"]
[Black "Al Zadjali, Abdul Rahman"]
[Result "1-0"]
[WhiteElo "1995"]
[BlackElo "1888"]
[PlyCount "53"]
[EventDate "2023.02.26"]
[EventType "swiss"]
[EventRounds "9"]
[EventCountry "SUD"]
[SourceTitle "CBM 213 Extra"]
[Source "ChessBase"]
[SourceDate "2023.05.31"]
[SourceVersion "1"]
[SourceVersionDate "2023.05.31"]
[SourceQuality "1"]

1. e4 c5 2. Nf3 d6 3. d4 cxd4 4. Nxd4 Nf6 5. Nc3 Nc6 6. Bg5 e6 7. Qd2 a6 8. f3 Bd7 9. h4 b5 10. Nxc6 Bxc6 11. 0-0-0 b4 12. Ne2 Qa5 13. Kb1 e5 14. Bxf6 gxf6 15. Ng3 Bd7 16. Nh5 Be7 17. Ng7+ Kd8 18. Bc4 Bf8 19. Nh5 Be6 20. Bxe6 fxe6 21. Nxf6 Be7 22. Qh6 Qc7 23. Qg7 Rf8 24. Nxh7 Re8 25. Qg6 Rc8 26. Rd2 a5 27. Qxe6 1-0

[Event "Arab-ch"]
[Site "Khartoum"]
[Date "2023.02.28"]
[Round "4"]
[White "Islam, Sh Nour Kassim"]
[Black "Attalib, Osama A"]
[Result "0-1"]
[WhiteElo "1913"]
[BlackElo "1995"]
[PlyCount "78"]
[EventDate "2023.02.26"]
[EventType "swiss"]
[EventRounds "9"]
[EventCountry "SUD"]
[SourceTitle "CBM 213 Extra"]
[Source "ChessBase"]
[SourceDate "2023.05.31"]
[SourceVersion "1"]
[SourceVersionDate "2023.05.31"]
[SourceQuality "1"]

1. b3 Nf6 2. Bb2 g6 3. Bxf6 exf6 4. c4 Bg7 5. Nc3 f5 6. g3 0-0 7. Bg2 Nc6 8. e3 Bxc3 9. dxc3 Qf6 10. Ne2 h5 11. h4 d6 12. 0-0 Ne5 13. Nf4 Rb8 14. Qd4 b6 15. Nd5 Qd8 16. a4 Bb7 17. a5 Bxd5 18. Bxd5 bxa5 19. c5 Rb5 20. c6 Qb8 21. c4 Rc5 22. f4 Ng4 23. Rab1 Re8 24. Rfe1 Re7 25. e4 Qb4 26. Re2 a4 27. Rbe1 axb3 28. Rb1 a5 29. e5 dxe5 30. fxe5 a4 31. e6 f6 32. Bf3 Rxc4 33. Qd8+ Kg7 34. Rd2 Ne5 35. Be2 Nxc6 36. Qd5 Rc5 37. Qd3 Rc3 38. Qd5 Rxg3+ 39. Kf1 Qf4+ 0-1

[Event "Sousse BICA op 1st"]
[Site "Sousse"]
[Date "2021.12.27"]
[Round "6"]
[White "Attalib, Osama A"]
[Black "Miladi, Amen"]
[Result "1-0"]
[WhiteElo "2040"]
[BlackElo "1669"]
[PlyCount "47"]
[EventDate "2021.12.24"]
[EventType "swiss"]
[EventRounds "9"]
[EventCountry "TUN"]
[SourceTitle "CBM 205 Extra"]
[Source "ChessBase"]
[SourceDate "2022.01.31"]
[SourceVersion "1"]
[SourceVersionDate "2022.01.31"]
[SourceQuality "1"]

1. d4 Nf6 2. Nf3 g6 3. Nc3 d5 4. Bf4 Bg7 5. e3 0-0 6. Be2 Nbd7 7. 0-0 c5 8. h3 a6 9. a4 b6 10. Ne5 Bb7 11. Bf3 Re8 12. Nxd7 Qxd7 13. Be5 c4 14. a5 b5 15. Na2 Rec8 16. c3 Bf8 17. Nb4 Ne8 18. Re1 Nc7 19. h4 Ne6 20. Bg4 Re8 21. h5 Bc8 22. hxg6 hxg6 23. e4 Bb7 24. exd5 1-0

[Event "Sousse BICA op 1st"]
[Site "Sousse"]
[Date "2021.12.27"]
[Round "5"]
[White "Boulaares, Adam"]
[Black "Attalib, Osama A"]
[Result "1/2-1/2"]
[WhiteElo "1696"]
[BlackElo "2040"]
[PlyCount "104"]
[EventDate "2021.12.24"]
[EventType "swiss"]
[EventRounds "9"]
[EventCountry "TUN"]
[SourceTitle "CBM 205 Extra"]
[Source "ChessBase"]
[SourceDate "2022.01.31"]
[SourceVersion "1"]
[SourceVersionDate "2022.01.31"]
[SourceQuality "1"]

1. e4 c5 2. Nc3 Nc6 3. g3 g6 4. Bg2 Bg7 5. d3 d6 6. f4 e6 7. Nf3 Nge7 8. 0-0 0-0 9. Be3 Nd4 10. Bf2 Rb8 11. Nxd4 cxd4 12. Ne2 Nc6 13. c3 dxc3 14. bxc3 b6 15. d4 d5 16. exd5 exd5 17. c4 Ne7 18. Rc1 dxc4 19. Rxc4 Bb7 20. Bxb7 Rxb7 21. Qd3 Nd5 22. Rfc1 b5 23. Rc5 Qd7 24. Kg2 Rd8 25. Ng1 Nb4 26. Qb3 Na6 27. Rc6 Nb8 28. R6c5 Na6 29. Rc6 Nb8 30. R6c5 Bf8 31. R5c2 a5 32. Nf3 a4 33. Qd3 Qd5 34. Kg1 f6 35. Nd2 Re7 36. Rb1 Rb7 37. Ne4 Qf5 38. Nc5 Qxd3 39. Nxd3 b4 40. Nc5 Bxc5 41. Rxc5 Nd7 42. Ra5 b3 43. Rxa4 b2 44. Rc4 Ra8 45. a4 Rb3 46. Rc2 Rxa4 47. Rcxb2 Rxb2 48. Rxb2 Kf7 49. Kg2 f5 50. h3 Nf6 51. Rb7+ Ke6 52. Rb6+ Kf7 1/2-1/2

[Event "Tripoli Winter op"]
[Site "Tripoli"]
[Date "2018.02.10"]
[Round "6"]
[White "Attalib, Osama A"]
[Black "Almansori, Abdalaziz"]
[Result "1-0"]
[WhiteElo "2040"]
[BlackElo "1859"]
[PlyCount "43"]
[EventDate "2018.02.05"]
[EventType "swiss"]
[EventRounds "9"]
[EventCountry "LBY"]
[SourceTitle "CBM 182 Extra"]
[Source "ChessBase"]
[SourceDate "2018.02.23"]
[SourceVersion "1"]
[SourceVersionDate "2018.02.23"]
[SourceQuality "1"]

1. d4 Nf6 2. Nf3 d5 3. c4 c6 4. g3 e6 5. Bg2 Bb4+ 6. Bd2 Bxd2+ 7. Nbxd2 Nbd7 8. 0-0 0-0 9. Qc2 Qe7 10. e4 dxe4 11. Nxe4 e5 12. Nc3 exd4 13. Nxd4 Qb4 14. b3 Qa3 15. Rfe1 Nc5 16. h3 Ne6 17. Nf5 g6 18. Nh6+ Kg7 19. Ng4 Nxg4 20. hxg4 Nc5 21. Qd2 Be6 22. Nb1 1-0

[Event "Tripoli Winter op"]
[Site "Tripoli"]
[Date "2018.02.07"]
[Round "3"]
[White "Attalib, Osama A"]
[Black "Ben Nasser, Khaled"]
[Result "1/2-1/2"]
[WhiteElo "2040"]
[BlackElo "2204"]
[PlyCount "54"]
[EventDate "2018.02.05"]
[EventType "swiss"]
[EventRounds "9"]
[EventCountry "LBY"]
[SourceTitle "CBM 182 Extra"]
[Source "ChessBase"]
[SourceDate "2018.02.23"]
[SourceVersion "1"]
[SourceVersionDate "2018.02.23"]
[SourceQuality "1"]

1. e4 e5 2. Nf3 Nc6 3. d4 exd4 4. Bc4 Nf6 5. e5 d5 6. Bb5 Ne4 7. Nxd4 Bc5 8. Be3 0-0 9. Bxc6 bxc6 10. 0-0 Bxd4 11. Bxd4 c5 12. Be3 d4 13. Bf4 f6 14. Nd2 Nxd2 15. Qxd2 Bb7 16. exf6 Qxf6 17. Bg3 Rae8 18. Rae1 h6 19. Rxe8 Rxe8 20. b3 Qe6 21. f3 Qe2 22. Qxe2 Rxe2 23. Rf2 Re1+ 24. Rf1 Re2 25. Rf2 Re1+ 26. Rf1 Re2 27. Rf2 Re1+ 1/2-1/2

[Event "Tripoli Naami op"]
[Site "Tripoli"]
[Date "2017.03.30"]
[Round "1"]
[White "Attalib, Osama A"]
[Black "Alsahle, Yaseen Taha"]
[Result "1-0"]
[WhiteElo "2105"]
[BlackElo "1683"]
[PlyCount "65"]
[EventDate "2017.03.30"]
[EventType "swiss"]
[EventRounds "9"]
[EventCountry "LBY"]
[SourceTitle "CBM 177 Extra"]
[Source "ChessBase"]
[SourceDate "2017.04.27"]
[SourceVersion "1"]
[SourceVersionDate "2017.04.27"]
[SourceQuality "1"]

1. e4 e5 2. Nf3 Nc6 3. d4 exd4 4. Bc4 h6 5. c3 Nf6 6. e5 d5 7. Bb5 Ne4 8. Nxd4 Bc5 9. Bxc6+ bxc6 10. 0-0 Ba6 11. Re1 Qh4 12. Be3 0-0 13. Nd2 f5 14. N2f3 Qh5 15. Nxc6 Qf7 16. e6 Qxe6 17. Bxc5 Qxc6 18. Bxf8 Rxf8 19. Qd4 Qb7 20. b4 c6 21. Ne5 Kh7 22. f3 Nf6 23. Nd3 Qf7 24. Ne5 Qc7 25. Qc5 Rc8 26. a4 Nd7 27. Nxd7 Qxd7 28. Re7 Qd8 29. Qxa7 Kg6 30. Rxg7+ Kf6 31. Qd4+ Ke6 32. Re1+ Kd6 33. Qc5# 1-0